|
|
|
|
| LEADER |
02409nam a22005415i 4500 |
| 001 |
978-3-540-32449-2 |
| 003 |
DE-He213 |
| 005 |
20151204190152.0 |
| 007 |
cr nn 008mamaa |
| 008 |
100806s2006 gw | s |||| 0|eng d |
| 020 |
|
|
|a 9783540324492
|9 978-3-540-32449-2
|
| 024 |
7 |
|
|a 10.1007/11547785
|2 doi
|
| 040 |
|
|
|d GrThAP
|
| 050 |
|
4 |
|a RS400-431
|
| 072 |
|
7 |
|a PSB
|2 bicssc
|
| 072 |
|
7 |
|a SCI013020
|2 bisacsh
|
| 082 |
0 |
4 |
|a 615.19
|2 23
|
| 245 |
1 |
0 |
|a Polymer Therapeutics II
|h [electronic resource] /
|c edited by Ronit Satchi-Fainaro, Ruth Duncan.
|
| 246 |
3 |
|
|a With contributions by numerous experts
|
| 264 |
|
1 |
|a Berlin, Heidelberg :
|b Springer Berlin Heidelberg,
|c 2006.
|
| 300 |
|
|
|a X, 230 p.
|b online resource.
|
| 336 |
|
|
|a text
|b txt
|2 rdacontent
|
| 337 |
|
|
|a computer
|b c
|2 rdamedia
|
| 338 |
|
|
|a online resource
|b cr
|2 rdacarrier
|
| 347 |
|
|
|a text file
|b PDF
|2 rda
|
| 490 |
1 |
|
|a Advances in Polymer Science,
|x 0065-3195 ;
|v 193
|
| 505 |
0 |
|
|a R. Satchi-Fainaro, R. Duncan, C.M. Barnes: Polymer Therapeutics for Cancer: Current Status and Future Challenges -- N. Nishiyama, K. Kataoka: Nanostructured Devices Based on Block Copolymer Assemblies for Drug Delivery: Designing Structures for Enhanced Drug Function -- H. Maeda, K. Greish, J. Fang: The EPR Effect and Polymeric Drugs: A Paradigm Shift for Cancer Chemotherapy in the 21st Century -- J.S. Ellis, S. Allen, Y.T. A. Chim, C.J. Roberts, S.J.B. Tendler, M.C. Davies: Molecular-Scale Studies on Biopolymers Using Atomic Force Microscopy -- A.V. Kabanov, E.V. Batrakova, S. Sherman, V.Y. Alakhov: Polymer Genomics.
|
| 650 |
|
0 |
|a Chemistry.
|
| 650 |
|
0 |
|a Pharmacy.
|
| 650 |
|
0 |
|a Polymers.
|
| 650 |
|
0 |
|a Chemical engineering.
|
| 650 |
|
0 |
|a Medicinal chemistry.
|
| 650 |
|
0 |
|a Biochemistry.
|
| 650 |
1 |
4 |
|a Chemistry.
|
| 650 |
2 |
4 |
|a Medicinal Chemistry.
|
| 650 |
2 |
4 |
|a Polymer Sciences.
|
| 650 |
2 |
4 |
|a Industrial Chemistry/Chemical Engineering.
|
| 650 |
2 |
4 |
|a Pharmacy.
|
| 650 |
2 |
4 |
|a Biochemistry, general.
|
| 700 |
1 |
|
|a Satchi-Fainaro, Ronit.
|e editor.
|
| 700 |
1 |
|
|a Duncan, Ruth.
|e editor.
|
| 710 |
2 |
|
|a SpringerLink (Online service)
|
| 773 |
0 |
|
|t Springer eBooks
|
| 776 |
0 |
8 |
|i Printed edition:
|z 9783540292111
|
| 830 |
|
0 |
|a Advances in Polymer Science,
|x 0065-3195 ;
|v 193
|
| 856 |
4 |
0 |
|u http://dx.doi.org/10.1007/11547785
|z Full Text via HEAL-Link
|
| 912 |
|
|
|a ZDB-2-CMS
|
| 950 |
|
|
|a Chemistry and Materials Science (Springer-11644)
|